Państwa Ameryki Północnej - ciemna wersja - Statystyki

Ogólne statystyki
  • Ten quiz został rozwiązany 58 razy
  • Średni wynik to 19 z 23
Odpowiedzi na mapie
Odpowiedzi zakodowano w zielono-czerwonej skali na mapie do tego quizu, zgodnie z poniższymi procentami.
 
Statystyki odpowiedzi
Kraj % Poprawnych
Kanada
100%
Meksyk
100%
Stany Zjednoczone
100%
Kuba
95%
Panama
93%
Belize
91%
Dominika
89%
Haiti
89%
Honduras
89%
Jamajka
89%
Bahamy
88%
Gwatemala
88%
Dominikana
86%
Kostaryka
86%
Nikaragua
86%
Salwador
86%
Antigua i Barbuda
73%
Saint Lucia
71%
Barbados
70%
Grenada
68%
Saint Kitts i Nevis
68%
Trynidad i Tobago
68%
Saint Vincent i Grenadyny
59%
Nie znaleziono quizów pasujących do podanych kryteriów
Rozkład punktacji
Procent ludzi z każdym wynikiem
Percentyl według liczby udzielonych odpowiedzi
Twoja historia wyników
Nie rozwiązałeś tego quizu